| 000 | 00479nam a2200193Ia 4500 | ||
|---|---|---|---|
| 003 | OSt | ||
| 005 | 20260101115103.0 | ||
| 008 | 160316s2009 xxu||||| |||| 00| 0 eng d | ||
| 040 | _c. | ||
| 082 | _a346.045 PUL | ||
| 100 | _aPuliani Sathpal | ||
| 245 | _aThe Karntaka town and country planning act, 1961 | ||
| 250 | _a7th | ||
| 260 |
_aBangalore : _bKarnataka Law Journal Publications ; _c2009 |
||
| 300 | _a544p | ||
| 365 | _b Rs. 525 | ||
| 700 |
_a _a |
||
| 942 |
_2ddc _cBK |
||
| 999 |
_c26080 _d26080 |
||